000 00599nam a2200229 i 4500
001 C2-0075326
003 PPAK
005 20180727081520.0
008 970429s1991 my |||| ||||| | may d
040 _aPPAK
_beng
_cPPAK
_erda
082 0 4 _a297
_223
090 0 0 _a297
_bHAQ
_dG
100 1 _aHaqq, Muhammad 'Ati'qul,
_eauthor
245 1 0 _aMengapa hidup beragama
264 1 _aJohor Bahru, Johor :
_bAl-Masyhur ,
_c1991
300 _a66 pages ;
_c21 cm
336 _2rdacontent
_atext
337 _2rdamedia
_aunmediated
338 _2rdacarrier
_avolume
650 1 0 _aIslam
942 _ddc
_cB
999 _c11159
_d11159